Sports Quiz

Random Sports or Football Quiz

Universities by Stadium Size Quiz Stats

 Plays Quiz Updated Dec 1, 2017

Score 0/25 Timer 04:00
14 Plays Today
Capacity University % Correct
107,601Michigan Wolverines
94%
88,548Florida Gators
92.4%
100,119Texas Longhorns
92.4%
104,944The Ohio State Buckeyes
90.7%
93,607USC Trojans
90.5%
101,821Alabama Crimson Tide
86.2%
106,572Penn State Nittany Lions
82.9%
82,300Florida State Seminoles
80.8%
82,112Oklahoma Sooners
79.8%
92,542UCLA Bruins
78.8%
92,746Georgia Bulldogs
77.1%
102,321LSU Tigers
76.7%
102,455Tennessee Volunteers
74.9%
Capacity University % Correct
75,540Miami Hurricanes
71.1%
85,000Nebraska Cornhuskers
65.7%
102,733Texas A&M Aggies
65.1%
75,005Michigan State Spartans
65%
87,451Auburn Tigers
64.1%
80,795Notre Dame Fighting Irish
63%
80,321Wisconsin Badgers
60.5%
80,250South Carolina Gamecocks
54.3%
72,000Arkansas Razorbacks
51.5%
65,870Arizona State Sun Devils
49.6%
81,500Clemson Tigers
46.4%
72,500UW Huskies
15.4%

You're not logged in!

Compare scores with friends on all Sporcle quizzes.
OR
Log In

Sporcle TV

Today on Sporcle TV


Watch our educational content, quiz creation guides, and fun videos on Sporcle TV.

Show Comments

Extras

Top Quizzes Today


Score Distribution

Your Account Isn't Verified!

In order to create a playlist on Sporcle, you need to verify the email address you used during registration. Go to your Sporcle Settings to finish the process.

Report this User

Report this user for behavior that violates our Community Guidelines.

Details: